Cán bộ Đoàn phải là người như thế nào? /

Gorde:
Xehetasun bibliografikoak
Egile nagusia: Vi-nô-gra-đốp A.
Beste egile batzuk: Nguyễn Việt (dịch.)
Formatua: Sách giấy
Hizkuntza:Vietnamese
Argitaratua: H. : Thanh niên, 1979.
Etiketak: Etiketa erantsi
Etiketarik gabe, Izan zaitez lehena erregistro honi etiketa jartzen!
Thư viện lưu trữ: Thư viện Trường Đại học Đà Lạt
LEADER 00707nam a2200289 4500
001 DLU130150948
005 ##20130830
040 # # |a DLU  |b vie 
041 # # |a vie 
044 # # |a vn 
082 # # |a 324.3  |b VI-A 
100 # # |a Vi-nô-gra-đốp A. 
245 # # |a Cán bộ Đoàn phải là người như thế nào? /  |c A.Vi-nô-gra-đốp; Nguyễn Việt dịch. 
260 # # |a H. :  |b Thanh niên,  |c 1979. 
300 # # |a 107 tr. ;  |c 19 cm. 
700 # # |a Nguyễn Việt,  |e dịch. 
923 # # |a TL 
991 # # |a SH 
992 # # |a 378 
994 # # |a DLU 
900 # # |a True 
911 # # |a Nguyễn Huyền Anh 
925 # # |a G 
926 # # |a A 
927 # # |a SH 
980 # # |a Thư viện Trường Đại học Đà Lạt